La verità.
Uloženo v:
| Hlavní autor: | |
|---|---|
| Další autoři: | , |
| Médium: | Kniha |
| Vydáno: |
Palermo, Italia:
Sellerio editore,
1992.
|
| Edice: | La città antica,
|
| Témata: | |
| Tagy: |
Přidat tag
Žádné tagy, Buďte první, kdo vytvoří štítek k tomuto záznamu!
|
MARC
| LEADER | 00000nam a22000007a 4500 | ||
|---|---|---|---|
| 003 | CL-VaPUC | ||
| 005 | 20220822114644.0 | ||
| 008 | 220719t1992 ||||| |||| 00| 0 eng d | ||
| 999 | |c 437237 |d 437235 | ||
| 040 | |c Pontificia Universidad Católica de Valparaíso | ||
| 082 | 7 | |a 183.1 ANT 1992 |2 22 | |
| 100 | |a Antifonte |9 564841 |e autore | ||
| 245 | 1 | 3 | |a La verità. |
| 260 | |a Palermo, Italia: |b Sellerio editore, |c 1992. | ||
| 300 | |a 137 páginas. | ||
| 490 | |a La città antica, |n 17. | ||
| 500 | |a c.1 Donación Familia Prof. Alejandro Guzmán Brito. | ||
| 583 | |c 20220719 |k Cristina María Rojas Aguilar | ||
| 650 | |a Filosofía sofista |9 420859 | ||
| 650 | |a Sofistas |9 873333 | ||
| 700 | |a Labriola, Isabella |e editora |9 873334 | ||
| 700 | |a Canfora, Luciano |e nota |9 873335 | ||
| 942 | |2 ddc |c BK |n 0 | ||
| 952 | |0 0 |1 0 |2 ddc |4 0 |6 183_100000000000000_ANT_1992 |7 0 |8 C_AGB |9 584995 |a BIBDER |b BIBDER |d 2022-07-19 |e Donación |i 5653065 |o 183.1 ANT 1992 |p 5653065 |r 2023-01-25 |t 1 |w 2022-07-19 |y BK_US |k AGB | ||